Refuerzo de obras / (Record no. 55472)

MARC details
000 -LEADER
campo de control de longitud fija 00487nam a2200169 i 4500
001 - NÚMERO DE CONTROL
campo de control 55472
003 - IDENTIFICADOR DE NÚMERO DE CONTROL
campo de control ES-MaACL
005 - FECHA Y HORA DE LA ÚLTIMA TRANSACCIÓN
campo de control 20230906163143.0
007 - CAMPO FIJO DE DESCRIPCIÓN FÍSICA--INFORMACIÓN GENERAL
campo de control de longitud fija t|
008 - DATOS DE LONGITUD FIJA--INFORMACIÓN GENERAL
campo de control de longitud fija 030922s1948 sp ||||1| spa d
100 1# - ENTRADA PRINCIPAL--NOMBRE DE PERSONA
Nombre de persona Derqui Morilla, Fernando.
9 (RLIN) 43794
245 10 - MENCIÓN DEL TÍTULO
Título Refuerzo de obras /
Mención de responsabilidad, etc. por Fernando Derqui Morilla.
250 ## - MENCION DE EDICION
Mención de edición 1ª ed.
260 ## - PUBLICACIÓN, DISTRIBUCIÓN, ETC.
Lugar de publicación, distribución, etc. [Madrid :
Nombre del editor, distribuidor, etc. s.n.],
Fecha de publicación, distribución, etc. 1948 (
Fabricante Gráf. Onofre Alonso)
300 ## - DESCRIPCIÓN FÍSICA
Extensión VI, 203 p. :
Otras características físicas il. ;
Dimensiones 22 cm.
852 ## - LOCALIZACIÓN
Ubicación ES-MaACL
Número de control de estantería C-5546
Sublocalización o colección R.25999
Holdings
Estatus retirado Estado de pérdida Estado de daño No para préstamo Biblioteca de origen Biblioteca actual Ubicación en estantería Fecha de adquisición Fuente de adquisición Total de préstamos Signatura topográfica completa Código de barras Visto por última vez Precio de reemplazo Tipo de ítem Koha
        Biblioteca del Ateneo de Madrid Biblioteca del Ateneo de Madrid Sala Palomar 17/01/2008     C-5546 1058280 23/02/2023 23/02/2023 Libro impreso